MARC details
| 000 -CABECERA |
| campo de control de longitud fija |
00878nam a2200205 a 4500 |
| 001 - NÚMERO DE CONTROL |
| campo de control |
000040380 |
| 005 - FECHA Y HORA DE LA ÚLTIMA TRANSACCIÓN |
| campo de control |
20201002034109.0 |
| 008 - DATOS DE LONGITUD FIJA--INFORMACIÓN GENERAL |
| campo de control de longitud fija |
130823s1975 sp 001 0 spa d |
| 020 ## - NÚMERO INTERNACIONAL ESTÁNDAR DEL LIBRO |
| Número Internacional Estándar del Libro |
9703214886 |
| 040 ## - FUENTE DE LA CATALOGACIÓN |
| Centro catalogador/agencia de origen |
DO-SdBNP |
| Lengua de catalogación |
spa |
| Centro/agencia transcriptor |
BNPHU |
| 100 1# - ENTRADA PRINCIPAL--NOMBRE DE PERSONA |
| Nombre de persona |
Carvajal y Lancaster, José de |
| Fechas asociadas al nombre |
1698-1754 |
| 9 (RLIN) |
66677 |
| 245 10 - MENCIÓN DE TÍTULO |
| Título |
La Diplomacia de Fernando VI : correspondencia entre D. José de Carvajal y el duque de Huéscar, 1746-1749 / |
| Mención de responsabilidad, etc. |
José de Carvajal y el duque de Huéscar ; estudio preliminar, ed. y notas por Didier Ozanam. |
| 260 ## - PUBLICACIÓN, DISTRIBUCIÓN, ETC. |
| Lugar de publicación, distribución, etc. |
Madrid : |
| Nombre del editor, distribuidor, etc. |
Escuela de historia moderna, |
| Fecha de publicación, distribución, etc. |
1975. |
| 300 ## - DESCRIPCIÓN FÍSICA |
| Extensión |
XXVIII-496 p. ; |
| Dimensiones |
25 cm. |
| 490 1# - MENCIÓN DE SERIE |
| Mención de serie |
Historia de España en el mundo |
| -- |
documentos |
| -- |
1 |
| 500 ## - NOTA GENERAL |
| Nota general |
Incluye índice |
| 504 ## - NOTA DE BIBLIOGRAFÍA, ETC. |
| Nota de bibliografía, etc. |
Incluye referencias bibliográfica |
| 700 1# - PUNTO DE ACCESO ADICIONAL--NOMBRE DE PERSONA |
| Nombre de persona |
Ozaman, Didier |
| Término indicativo de función/relación |
ed. |
| 9 (RLIN) |
66678 |
| 830 10 - PUNTO DE ACCESO ADICIONAL DE SERIE-TÍTULO UNIFORME |
| Título uniforme |
Historia de España en el mundo moderno |
| Nombre de parte o sección de la obra |
documentos |
| Designación de volumen o secuencia |
1 |
| 9 (RLIN) |
66679 |